=LDR 00000nam 2200000 4500 =001 INLIS000000000006761 =005 20251114082445 =035 ##$$a 0010-1125000635 =007 ta =008 251114###########################0#ind## =082 ##$$a 348.598 =084 ##$$a 348.598 BAD b =100 #$$a Badan Koordinasi Keluarga Berencana Nasional =245 1#$$a Beberapa Ketentuan Dalam Keputusan Presiden /$c Badan Koordinasi Keluarga Berencana Nasional =260 ##$:$b Badan Koordinasi Keluarga Berencana Nasional =300 ##$$a 8 Hal : $b Ilus ; $c 21 =650 #4$$a Keluarga Berencana =856 ##$$a Perpustakaan Kemendukbangga